[Event "Mexico City Revolucion op"]
[Site "Mexico City"]
[Date "2024.11.14"]
[Round "3"]
[White "Robles Sanchez, Fausto"]
[Black "Hernandez Rendon, Carlos A"]
[Result "1-0"]
[WhiteElo "1803"]
[BlackElo "2055"]
[PlyCount "115"]
[EventDate "2024.11.13"]
[EventType "swiss"]
[EventRounds "9"]
[EventCountry "MEX"]
[SourceTitle "CB47_2024"]
[SourceDate "2024.11.20"]
[SourceVersion "1"]
[SourceVersionDate "2024.11.20"]
[SourceQuality "1"]

1. e4 c5 2. Nc3 Nc6 3. Bb5 Nd4 4. Bc4 e6 5. Nge2 Nf6 6. d3 a6 7. Nxd4 cxd4 8. Ne2 b5 9. Bb3 Bc5 10. Bg5 Bb7 11. 0-0 h6 12. Bh4 g5 13. Bg3 d6 14. Kh1 h5 15. f4 Ng4 16. Bf2 gxf4 17. Nxf4 Qg5 18. Nh3 Nxf2+ 19. Rxf2 Qe5 20. Qf1 Rh7 21. Ng1 h4 22. Nf3 Qg7 23. Re1 0-0-0 24. h3 Kb8 25. Nh2 Bb6 26. Ree2 Rc8 27. Ng4 Rc5 28. Nf6 Rc7 29. Nxh7 Qxh7 30. Rf4 Bc6 31. Qf2 Rb7 32. Rxh4 Qg7 33. Rg4 Qe5 34. Qf4 Qc5 35. Rg5 e5 36. Qf5 a5 37. Rg8+ Ka7 38. Rg7 a4 39. Bxf7 Qb4 40. b3 a3 41. Rg8 Qc3 42. Bd5 Bxd5 43. exd5 Qa1+ 44. Kh2 Qxa2 45. Qc8 Bc7 46. Qa8+ Kb6 47. b4 Qxd5 48. Qa5+ Kc6 49. Qa6+ Rb6 50. Qa8+ Rb7 51. Rg7 a2 52. Re1 e4 53. Rxe4 Kb6 54. Qa5+ Kc6 55. Qa6+ Rb6 56. Qa8+ Rb7 57. Re1 Qe6 58. Re2 1-0